Princípy a technika reklamy

Guardado en:
Detalles Bibliográficos
Autor principal: Prachár, Juraj
Formato: Libro
Lenguaje:eslovaco
Publicado: Bratislava Alfa 1982
Colección:Edícia ekonomickej literatúry
Etiquetas: Agregar Etiqueta
Sin Etiquetas, Sea el primero en etiquetar este registro!

MARC

LEADER 00000nam a2200000 4500
001 c119051
005 20041019155213.1
041 0 |a slo 
044 |a SK 
245 1 0 |a Princípy a technika reklamy  |c Juraj Prachár 
264 1 |a Bratislava  |b Alfa  |c 1982 
300 |a 242 s. 
490 1 |a Edícia ekonomickej literatúry 
830 0 |a Edícia ekonomickej literatúry 
100 1 |a Prachár, Juraj